"Orientierung fürs nächste Jahrhundert" Reden zu Europa

Bibliographic Details
Main Authors: Herzog, Roman, 1934-2017 (Author), Fischer, Joschka 1948- (Author)
Format: Book
Language:German
PhysicalDescription:20 s. 30 cm
Published: Bonn Inter Nationes 1999
Series:Sonderthema
Subjects:

MARC

LEADER 00000nam a2200000 a 4500
001 vtls001378492
003 SK-MaSNL
005 20260301071117.0
008 251113s1999 DE r 0 ger
020 |c [60,00] 
035 |a SNK000332458 
040 |a SNK  |b slo  |c SNK  |e AACR2 
044 |a DE 
080 |a 327(430:4)=30  |2 1981 
080 |a 338+327(430:4)=30  |2 1981 
100 1 |a Herzog, Roman,  |d 1934-2017  |4 aut  |9 165551 
245 1 |a "Orientierung fürs nächste Jahrhundert"  |b Reden zu Europa  |c Roman Herzog, Joschka Fischer 
260 |a Bonn  |b Inter Nationes  |c 1999 
300 |a 20 s.  |c 30 cm 
490 1 |a Sonderthema  |v 18/1999 
500 |a Obalový názov 
651 7 |a Nemecko  |z Európa  |x vzťahy politicko-ekonomické  |x štúdie  |2 SNK  |9 388389 
700 1 |a Fischer, Joschka  |d 1948-  |4 aut  |9 388390 
830 0 |a Sonderthema  |9 295603 
999 |c 636629  |d 638559 
952 |t P60, <04>, [BOOK], {604}  |a SNK  |b SNK  |y VYP  |7 0  |p 17A0224249  |o snkOIB 2496  |i snkV 9/2000  |0 0  |1 0  |4 0  |d 2000-01-20  |l 0  |r 2005-01-02 00:00:00  |w 2026-02-23